| 000 | 01031nam a22002777a 4500 | ||
|---|---|---|---|
| 999 |
_c12543 _d12543 |
||
| 003 | EG-ScBUE | ||
| 005 | 20210123115324.0 | ||
| 008 | 090806s2004 ua f 000 f ara d | ||
| 017 | _a2004/16583 | ||
| 020 | _a9770193089 | ||
| 040 |
_aEG-ScBUE _bara _erda _cEG-ScBUE _dEG-ScBUE |
||
| 082 | 0 | 4 |
_a892.736 _bأ س م _222 |
| 100 | 1 |
_aالأسمر، مصطفى، _eمؤلف. |
|
| 245 | 1 | 0 |
_aجديد الجديد في حكاية زيد .. وعبيد / _cمصطفى الأسمر |
| 246 | 3 | 4 |
_aجديد الجديد في حكاية زيد .. وعبيد : _bرواية |
| 264 | 1 |
_aالقاهرة : _bالهيئة المصرية العامة للكتاب، _c2004. |
|
| 300 |
_a155 صفحة ؛ _c18 سم. |
||
| 336 |
_2rdacontent _aنص _btxt |
||
| 337 |
_2rdamedia _aبدون وسيط _bn |
||
| 338 |
_2rdacarrier _aمجلد _bnc |
||
| 490 | 0 | _aإبداعات معاصرة | |
| 650 | 7 |
_aالروايات العربية _zمصر _yقرن 21. _2BUEsh |
|
| 653 |
_bARALIT _cJanuary2021 |
||
| 655 |
_vReading book _934232 |
||
| 942 |
_2ddc _cBB |
||